[Event "Summer Cup"]
[Site "Wellington Chess Club"]
[Date "2013.03.21"]
[Round "6"]
[White "Forster, Bill"]
[Black "Ker, Anthony"]
[Result "0-1"]
[WhiteElo "2078"]
[BlackElo "2452"]

1. e4 d6 2. d4 Nf6 3. Nc3 g6 4. f4 Bg7 5. Nf3 c5 6. Bb5+ Bd7 7. e5 Ng4 8. e6
Bxb5 9. exf7+ Kd7 10. Nxb5 Qa5+ 11. Nc3 cxd4 12. Nxd4 Bxd4 13. Qxd4 Nc6 14. Qc4
Qb6 15. Qe2 h5 16. h3 Nh6 17. Bd2 Nf5 18. O-O-O Ng3 19. Qd3 Nxh1 20. Rxh1 Raf8
21. Qxg6 Nd8 22. Qf5+ e6 23. Qf6 Rh7 24. Re1 Rfxf7 25. Qh4 d5 26. Be3 Qa5 27.
Rd1 Kc8 28. Rd4 b5 29. a3 Nc6 30. Rd1 b4 31. Nb1 bxa3 32. Nxa3 Ne7 33. Qf2 Nf5
34. Bd2 Qb6 {#Diagram Most players are familiar with that sinking feeling you
get when a good position against a strong player starts going south. I had some
initiative earlier but I have been beaten back and Black's pieces are taking up
good positions. The rooks have been a bit awkward but now look likely to find
useful roles on the files that have opened up. For me one pawn is likely to be
insufficient compensation for the exchange in any endgame, or once black's
rooks get to work in the middlegame.} 35. Qe1 {I have played enough endings
against Anthony to know I needed to avoid trying to compete in that phase with
a material disadvantage.} 35... Rb7 {On the one hand this is bad news from the
perspective that I might soon be facing a raging attack down the b and c files.
But on the other hand I realised this took away a flight square from the king
creating a mating idea on d8.} 36. b3 Rhg7 {It's tricky to defend the g pawn,
so I decided I may as well try and confuse things by unleashing the tactical
idea I had spotted a couple of moves earlier } 37. Nc4 $1 Qa6 (37... dxc4 $2
38. Ba5 {and wins} ) 38. Ba5 $1 {A nice combination of attack (against d8) and
defence (blocking the a file). I was now out of time completely but at least
I've avoided the total passivity and slow decline I was fearing a few moves
earlier. } 38... Rbe7 $1 ( {On Anthony's time I realised that} 38... Rxg2 $2
{the move I assumed he would play I have} 39. Rxd5 $1 {setting the board on
fire and likely winning the game even with only 30 seconds a move.
Unfortunately Anthony is a brilliant player and if I see something like this it
is dollars to donuts he will too.} ) 39. Qc3 {I was happy with this natural
move. Now I can move the bishop because I've got a1 covered, and hopefully
Anthony's king is feeling heat down the c file. I assumed (correctly as it
turned out) that my knight was still immune because then Rd8+ is very strong
even though it is no longer mate.} 39... Rc7 {Played very quickly} 40. Qf6 $2
{Throwing more wood on the fire, but missing my chance to get out of this
alive}  ( {After} 40. Bxc7 Rxc7 {I have the simple} 41. Qa5 $1 {trick, and then
even I should be able to hold the endgame after} 41... Qxa5 42. Nxa5 {(White is
a pawn up but in practice I would have no chance of winning this one against
Anthony).} ) 40... dxc4 41. Qf8+ {I was somehow imagining a perpetual since I
thought the king couldn't hide on a8} 41... Kb7 42. Qb4+ Ka8 $1 {Bugger, now I
realised black can safely interpose on c8. Oh well, I still thought I had a
chance....} 43. Bxc7 Qa1+ 44. Kd2 {#Diagram...because I am now threatening mate
and the queen. That's got to be a good  thing right?} 44... Rd7+ 45. Bd6 {I was
hoping this was an extraordinary and brilliant resource...} 45... Rxd6+ 46.
Qxd6 {...because I am still threatening the queen and I will be an exchange up
if he recaptures. This is typical of my notoriously incoherent thought
processes in these blitz finishes. The rational part of my brain did recognise
that Anthony was playing his moves instantly now, and that this almost certainly
meant "I've got this all worked out". Indeed the conclusion from
move 41 is in fact Houdini's main line.} 46... Qxd1+ $1 47. Kxd1 Nxd6 0-1

[Event "Summer Cup"]
[Site "Wellington Chess Club"]
[Date "2013.03.21"]
[Round "6"]
[White "List, Robert"]
[Black "Roberts, Michael"]
[Result "0-1"]
[WhiteElo "1626"]
[BlackElo "1839"]

1. e4 e6 2. d4 d5 3. e5 c5 4. c3 Nc6 5. Nf3 Qb6 6. Bd3 cxd4 7. cxd4 Bd7 8. O-O
Nxd4 9. Nbd2 Nxf3+ 10. Nxf3 Bb5 11. Bxb5+ Qxb5 12. Nd4 Qd7 13. Qb3 Ne7 14. Be3
Nc6 15. f4 Be7 16. Rac1 O-O 17. Qd1 Nxd4 18. Bxd4 b6 19. Bc3 Rac8 20. Rf3 Rc4
21. b3 Rc7 22. Rd3 Qb5 23. a4 Qd7 24. Qh5 Rfc8 25. g4 g6 26. Qh6 Bf8 27. Qh4
{#Diagram} 27... d4 $1 {Winning more material} 28. Rh3 (28. Rxd4 Bc5) 28... h6
29. f5 Rxc3 30. Rcxc3 Rxc3 31. fxg6 fxg6 32. Kf2 Rc2+ 33. Ke1 Qd5 34. Kd1 Qg2
35. Re3 Qd2# 0-1

[Event "Summer Cup"]
[Site "Wellington Chess Club"]
[Date "2013.03.21"]
[Round "6"]
[White "Rossiter, Philip"]
[Black "Pomeroy, Arthur"]
[Result "0-1"]
[WhiteElo "1820"]
[BlackElo "2108"]

1. c4 g6 2. g3 Bg7 3. Bg2 d6 4. Nc3 Nc6 5. e3 e5 6. Nge2 h5 7. d3 h4 8. a3 Bg4
9. Qc2 h3 10. Bf1 Bf3 11. Rg1 Nf6 12. Bd2 Ng4 13. Nc1 Nxh2 14. Be2 Bg2 15. Qd1
Ng4 16. Bxg4 h2 17. Ke2 h1=Q 18. Rxh1 Rxh1 19. Be1 Qg5 0-1

[Event "Summer Cup"]
[Site "Wellington Chess Club"]
[Date "2013.03.21"]
[Round "6"]
[White "Sellen, Ian"]
[Black "Nijman, Brian"]
[Result "1/2-1/2"]
[WhiteElo "2033"]
[BlackElo "2153"]

{Notes by Brian Nijman} 1. c4 c6 2. Nf3 d5 3. d4 Nf6 4. Nc3 dxc4 5. e4 b5 6. Qc2
Bb7 7. Bf4 e6 8. Be2 Bb4 9. O-O Bxc3 10. bxc3 c5 11. d5 {?!}  (11. Qb2 {!?}
11... a6 12. a4 cxd4 13. Nxd4 Nbd7 14. axb5 e5 15. Nc6 Qc7 16. Qb4 Bxc6 17.
bxc6 Qxc6 18. Be3 { [White is slightly better]} ) 11... exd5 12. exd5 Nxd5 13.
Rad1 Qf6 {?}  (13... Nd7 {[Black is better]} ) 14. Bg5 Qg6 15. Rxd5 Bxd5 16.
Qd2 Qe4 {?}  (16... Qe6 17. Rd1 f6 18. Be3 Nd7 19. Qxd5 Qxd5 20. Rxd5 Rc8
{[White is slightly better]} ) 17. Nh4 h6 18. Bf3 Qd3 19. Bxd5 hxg5 20. Qxg5
{#Diagram Computer evaluation is now +5.50} 20... Qxc3 21. Bxa8 (21. Nf5 {! } ) 21... O-O 22. Qxc5 (22. Ng6 {!}
22... fxg6 23. Bd5+ Rf7 24. Qd8+) 22... Qb2 23. Be4 (23. Ng6 {!} 23... Re8 24.
Ne7+ Kf8 (24... Kh7 25. Qh5#) 25. Re1) 23... a5 24. Rb1 (24. Ng6 {!} 24... Re8
25. Qh5 fxg6 26. Bd5+ Kf8 27. Qh8+ Ke7 28. Re1+)  (24. Bh7+ {!} ) 24... Qf6 25.
Nf3 c3 26. Qxb5 Qf4 27. Qf5 Qxf5 28. Bxf5 Nc6 29. Rc1 Nb4 30. a3 Nd5 31. Kf1
Rb8 32. Be4 Nf6 33. Bc2 Rb2 34. Ke2 Ra2 35. a4 Nd5 36. Kd3 Nf4+ 37. Ke3 Nxg2+
38. Ke4 Rb2 39. Nd4 Rb4 40. Rb1 f5+ 41. Kd3 Nf4+ 42. Kxc3 Nd5+ 43. Kd3 Nf4+ 44.
Ke3 (44. Kd2 Rxd4+ 45. Ke3 Ne6 (45... Rb4 46. Rxb4 Nd5+ 47. Kd4 Nxb4 48. Bxf5
Kf7 49. Kc5 Kf6 50. Be4 $18) 46. Bxf5 Rd6 47. Rb5 $18) 44... Nd5+ 45. Kd3 Nf4+
{[draw agreed]} 1/2-1/2

[Event "Summer Cup"]
[Site "Wellington Chess Club"]
[Date "2013.03.21"]
[Round "6"]
[White "Sknar, Andrew"]
[Black "Heaton, Ken"]
[Result "0-1"]
[WhiteElo "1427"]
[BlackElo "1653"]

1. e4 e5 2. Nf3 Nc6 3. c4 Bc5 4. a3 a5 5. Nc3 d6 6. h4 Bg4 7. Nb5 Nf6 8. d3 Nd4
9. Nbxd4 Bxd4 10. Qa4+ Bd7 11. Qb3 b6 12. h5 h6 13. Nxd4 exd4 14. a4 O-O 15.
Bd2 Re8 16. O-O-O Bg4 17. f3 Bxh5 18. g4 Bg6 19. Bxh6 gxh6 20. Rxh6 Nxg4 21.
Rxg6+ fxg6 22. c5+ Kg7 23. fxg4 Qg5+ 24. Rd2 dxc5 25. Kc2 Rf8 26. Bh3 Rf3 27.
Bg2 Rg3 28. e5 Re8 29. e6 Rxg4 30. Bh3 Rg3 31. Bf1 Qf6 32. Rg2 Rxg2+ 33. Bxg2
Qf2+ 34. Kb1 Qxg2 35. Ka2 Qe2 36. Ka3 Qxe6 37. Qd1 Qe1 38. Qc2 Re2 39. Qc4 Qa1+
40. Qa2 Qxa2+ 41. Kxa2 g5 42. Ka3 g4 43. b4 cxb4+ 44. Kb3 g3 45. Kc4 g2 46. Kb5
g1=Q 47. Ka6 Qg5 48. Kb7 Re8 49. Kc6 Qc5+ 50. Kb7 b5 51. axb5 Qb6# 0-1

[Event "Summer Cup"]
[Site "Wellington Chess Club"]
[Date "2013.03.21"]
[Round "6"]
[White "Stone, Andrew"]
[Black "Dive, Russell"]
[Result "1-0"]
[WhiteElo "2027"]
[BlackElo "2425"]

1. e4 e5 2. Nf3 Nf6 3. d4 Nxe4 4. dxe5 d5 5. Bd3 Bg4 6. Bxe4 dxe4 7. Qxd8+ Kxd8
8. Ng5 {#Diagram} 8... Nc6 {Sacrificing unsoundly. From now on Andrew plays
impeccably, first grabbing the material then taking over the initiative
himself} 9. Nxf7+ Ke8 10. Nxh8 Nd4 11. h3 Be6 12. Kd1 Rd8 13. Nd2 e3 14. fxe3
Nf5 15. Re1 Bc5 16. Ke2 Nxe3 17. Ne4 $1 Bc4+ 18. Kf2 Nxc2+ 19. Nxc5 Nxa1 20.
Bg5 Rd5 21. Ne6 Kd7 22. Nxg7 $1 {With the simple idea of e6-e7-e8} 1-0

[Event "Summer Cup"]
[Site "Wellington Chess Club"]
[Date "2013.03.21"]
[Round "6"]
[White "Stracy, Don"]
[Black "Meyer, Marany"]
[Result "1/2-1/2"]
[WhiteElo "1763"]
[BlackElo "2064"]

1. e4 d6 2. d4 g6 3. Nc3 Bg7 4. f4 Nf6 5. Nf3 O-O 6. Be2 c6 7. O-O Qc7 8. Kh1
Nbd7 9. Qe1 e5 10. fxe5 dxe5 11. dxe5 Nxe5 12. Nxe5 Qxe5 13. Bf4 1/2-1/2

[Event "Summer Cup"]
[Site "Wellington Chess Club"]
[Date "2013.03.21"]
[Round "6"]
[White "Timergazi, Irek"]
[Black "Timergazi, Layla"]
[Result "0-1"]
[WhiteElo "1425"]
[BlackElo "1823"]

1. e4 c6 2. f4 d5 3. exd5 cxd5 4. d4 {#Diagram White clearly is not concerned
with positional niceties, but his daughter is a strong natural positional
player and shows how to exploit the self-imposed weaknesses.} 4... Nc6 5. Nc3
Bf5 6. Bd3 Bxd3 7. Qxd3 e6 8. Nf3 Nf6 9. Be3 Qa5 10. Qb5 Qxb5 11. Nxb5 Rc8 12.
Rc1 Bb4+ 13. c3 Be7 14. a4 a6 15. Na3 Bxa3 16. bxa3 Na5 17. O-O Ne4 18. Bd2 Nb3
19. Rc2 Nexd2 20. Nxd2 Nxd2 21. Rxd2 Rxc3 22. Rb1 Rxa3 23. Rxb7 O-O 24. Rc2
Rxa4 25. g3 Rxd4 26. Rc6 a5 27. Kg2 h6 0-1

[Event "Summer Cup"]
[Site "Wellington Chess Club"]
[Date "2013.03.21"]
[Round "6"]
[White "Turner, Michael"]
[Black "Stoeveken, Peter"]
[Result "1-0"]
[WhiteElo "2139"]
[BlackElo "1904"]

1. d4 d5 2. c4 dxc4 3. e3 Nf6 4. Bxc4 Nc6 5. Nc3 e6 6. Nf3 a6 7. Bd3 Nb4 8. Bb1
c5 9. O-O Qb6 10. a3 Nc6 11. Na4 Qa7 12. dxc5 Bxc5 13. Nxc5 Qxc5 14. b4 Qe7 15.
Bb2 b5 16. Qe2 Bb7 17. Rd1 O-O 18. Bc2 Rad8 19. Nd4 Nd7 20. Nxc6 Bxc6 21. Bxh7+
Kxh7 22. Qc2+ f5 23. Qxc6 Rh8 24. Qc7 Kg8 25. h3 Rh7 26. Rd2 g5 27. Rad1 g4 28.
Qg3 Kf7 29. hxg4 fxg4 30. Qf4+ Kg6 31. Qxg4+ Kf7 32. Qf3+ Ke8 33. Bf6 Qf8 34.
Bxd8 Qh6 35. Bh4 1-0

[Event "Summer Cup"]
[Site "Wellington Chess Club"]
[Date "2013.03.21"]
[Round "6"]
[White "Veldhuizen, Matt"]
[Black "Theodosiou, Andreas"]
[Result "1-0"]
[WhiteElo "1576"]
[BlackElo "1317"]

1. c4 Nf6 2. g3 e5 3. Bg2 d5 4. cxd5 Nxd5 5. Nc3 c6 6. Nf3 Bd6 7. d3 Nf6 8. O-O
Be6 9. a3 Nbd7 10. Ng5 Bf5 11. Qb3 O-O 12. Qxb7 h6 13. Nge4 Nxe4 14. Nxe4 Qc7
15. Nxd6 Qxd6 16. Qxc6 Qxc6 17. Bxc6 Rac8 18. Bg2 Rc2 19. Re1 Nc5 20. Bd5 e4
21. d4 Rd8 22. dxc5 Rxd5 23. b4 Re5 24. Be3 Bg4 25. Bf4 Rd5 26. Kg2 Bxe2 27.
Rac1 Bf3+ 28. Kf1 Rxc1 29. Rxc1 Rd3 30. c6 Bg4 31. Kg2 Rxa3 32. c7 Bc8 33. Rd1
Kh7 34. Rd8 Bb7 35. c8=Q Bxc8 36. Rxc8 Rb3 37. Ra8 Rxb4 38. Rxa7 f5 39. Be5 Rb5
40. Rxg7+ Kh8 1-0

[Event "Summer Cup"]
[Site "Wellington Chess Club"]
[Date "2013.03.21"]
[Round "6"]
[White "Wastney, Scott"]
[Black "Jackson, Ross"]
[Result "1-0"]
[WhiteElo "2381"]
[BlackElo "1996"]

1. e4 c5 2. Nf3 d6 3. d4 cxd4 4. Nxd4 Nf6 5. Nc3 g6 6. Be2 Bg7 7. O-O O-O 8.
Be3 Nc6 9. f4 Bd7 10. Nb3 Rc8 11. Kh1 a6 12. a4 Na5 13. e5 Ne8 $2 {#Diagram Allowing a
combinative finish.} 14. Nxa5 Qxa5 15. Nd5 {Black cannot avoid an exchange
loss...} 15... Nc7 ( { ...because} 15... Qd8 {runs into} 16. Bb6) 16. Nxe7+ Kh8
17. Nxc8 Rxc8 18. Qxd6 1-0

[Event "Summer Cup"]
[Site "Wellington Chess Club"]
[Date "2013.03.21"]
[Round "6"]
[White "Wilkins, Mark"]
[Black "Shierlaw, Hamish"]
[Result "1/2-1/2"]
[WhiteElo "1909"]
[BlackElo "1618"]

1. d4 Nf6 2. Bg5 e6 3. e4 Be7 4. Bxf6 Bxf6 5. e5 Be7 6. Bd3 O-O 7. Nf3 d6 8.
O-O dxe5 9. dxe5 b6 10. c3 Bb7 11. Qc2 h6 12. Nbd2 Nd7 13. Rad1 Bg5 14. Ne4 Be7
15. Bb5 c6 16. Bc4 Qc7 17. Rfe1 Rad8 18. Ng3 Nc5 19. b4 Rxd1 20. Rxd1 Na6 21.
Qe2 Nb8 22. Bd3 c5 23. b5 Rd8 24. Nd2 Nd7 25. f4 Nf8 26. Nh5 Nh7 27. Ne4 Kh8
28. Rf1 Qd7 29. Bc2 g6 30. Nhg3 Bxe4 31. Nxe4 Qd5 32. a4 Qb7 33. Rd1 Rxd1+ 34.
Qxd1 Qc7 35. Qd3 h5 36. h3 Nf8 37. Bd1 Qd7 38. Qxd7 Nxd7 39. Bb3 Kg7 40. Kf2
Kf8 41. g4 hxg4 42. hxg4 Ke8 43. g5 Kd8 44. Kf3 Kc7 45. Nf2 Kd8 46. Bc4 Ke8 47.
Ke4 Nf8 48. Be2 Nd7 49. Nd1 Kd8 50. Ne3 Kc7 51. Nc4 Nb8 52. Bd3 Nd7 53. a5 Bf8
54. Be2 Be7 55. a6 Bf8 56. Bf3 Be7 57. Kd3 Nb8 58. Bb7 Bf8 59. Nd2 Be7 60. Ne4
Kd7 61. Nf2 Bf8 62. Ng4 Be7 63. Nh6 Ke8 64. Kc4 Bf8 1/2-1/2

[Event "Summer Cup"]
[Site "Wellington Chess Club"]
[Date "2013.04.04"]
[Round "7"]
[White "Farrington, Lawrence"]
[Black "Wilkins, Mark"]
[Result "0-1"]
[WhiteElo "1730"]
[BlackElo "1909"]

1. e4 c6 2. d4 d5 3. exd5 cxd5 4. c4 Nf6 5. Nc3 Nc6 6. Nf3 e6 7. Bg5 Be7 8.
cxd5 Nxd5 9. Bxe7 Ncxe7 10. Bd3 Nf4 11. O-O Nxd3 12. Qxd3 Nd5 13. Rac1 O-O 14.
Ne5 a6 15. Rfd1 f6 16. Nf3 b5 17. Nxd5 Qxd5 18. b3 Bb7 19. Ne1 Rac8 20. f3 Rfd8
21. Rc5 Qd7 22. Rxc8 Qxc8 23. Nc2 Qc7 24. Qe2 Qb6 25. Kh1 b4 26. Re1 Bd5 27.
Qd2 a5 28. Qe2 Kf7 29. Qd3 h6 30. Rd1 Rc8 31. Ne3 Rc3 32. Qd2 Qc6 33. h3 Qc7
34. Qe2 Qb7 35. Re1 Qd7 36. Rd1 Bc6 37. Nc4 Qd5 38. Qe4 {#Diagram} 38... Qxc4
$1 {A nice manoevre to swap into a winning endgame} 39. bxc4 Bxe4 40. fxe4 Rxc4
41. Rd2 Ke7 42. Kg1 a4 43. Kf1 b3 44. axb3 axb3 45. Ke2 Rb4 46. Rb2 Rxd4 47.
Ke3 Rb4 48. Kd3 Kd6 49. Kc3 Rb6 50. Rd2+ Ke5 51. Re2 b2 0-1

[Event "Summer Cup"]
[Site "Wellington Chess Club"]
[Date "2013.04.04"]
[Round "7"]
[White "Heaton, Ken"]
[Black "Cunningham, Patrick"]
[Result "1/2-1/2"]
[WhiteElo "1653"]
[BlackElo "1504"]

1. e4 e5 2. f4 exf4 3. Nf3 c5 4. Bc4 Nc6 5. O-O Be7 6. d4 cxd4 7. Nxd4 Ne5 8.
Bb3 Nf6 9. Bxf4 d6 10. Nc3 O-O 11. h3 Bd7 12. Nf3 Nxf3+ 13. Qxf3 Bc6 14. Nd5
Nxd5 15. exd5 Bb5 16. Rfe1 Bf6 17. c3 Qc7 18. Qg3 Rad8 19. Rad1 Rfe8 20. Rxe8+
Bxe8 21. Be3 Be5 22. Qf2 b6 23. Bd4 Bxd4 24. Qxd4 Qc5 25. Bc2 Bb5 26. Kh2 Qxd4
27. Rxd4 g6 28. c4 Rc8 29. Bd3 Ba6 30. b3 Kf8 31. Re4 Re8 32. Kg3 Bc8 33. Kf4
f6 34. h4 Re5 35. Rxe5 fxe5+ 36. Kg5 Kg7 37. h5 h6+ 38. Kh4 Bf5 39. Be2 g5+ 40.
Kg3 Bb1 41. a3 Kf6 42. Kf3 a5 43. g4 Bc2 44. b4 axb4 45. axb4 e4+ 46. Ke3 Ke5
47. Bf1 Bd1 48. Bh3 Bf3 49. b5 Bd1 50. Kd2 Bf3 51. Ke3 Bh1 52. Bf1 1/2-1/2

[Event "Summer Cup"]
[Site "Wellington Chess Club"]
[Date "2013.04.04"]
[Round "7"]
[White "Jackson, Ross"]
[Black "Turner, Michael"]
[Result "1/2-1/2"]
[WhiteElo "1996"]
[BlackElo "2139"]

1. d4 Nf6 2. c4 g6 3. f3 c5 4. d5 Bg7 5. e4 d6 6. Bd3 b5 7. Ne2 O-O 8. O-O bxc4
9. Bxc4 Nbd7 10. Nd2 Rb8 11. Rb1 a5 12. Nc3 Nh5 13. Nb3 Ne5 14. Be2 c4 15. Nd2
Ba6 16. g3 Qb6+ 17. Kg2 Nd3 18. Bxd3 cxd3 19. Na4 Qc7 20. b3 Rfc8 21. Bb2 Bxb2
22. Nxb2 Qc2 23. Rf2 Qxd1 24. Rxd1 f5 25. Ndc4 fxe4 26. fxe4 Nf6 27. Rxd3 a4
28. Re3 Ng4 29. Rff3 Nxe3+ 30. Rxe3 Bxc4 31. Nxc4 axb3 32. axb3 Rb5 33. Kf3
Rcb8 34. Nd2 Kg7 35. Rd3 Kf6 36. Ke3 Rb4 37. Rc3 R4b6 38. Kd3 Ra8 39. Ke3 Ra3
40. h4 h5 41. Kf3 Rb4 42. Ke3 Rb5 43. Kd3 Ra7 44. Ke3 Rc5 45. Rd3 Rb7 46. Kd4
Rb4+ 47. Ke3 Rc1 48. Kf3 Rd1 49. Ke3 Rc1 50. Nf3 Rh1 51. Nd2 e6 52. dxe6 Kxe6
53. Kf3 Rh2 54. Ke3 Rb5 55. Kf3 Rc5 56. Kf4 Rc1 57. Ke3 Rd1 {There's more, but
I'm giving up trying to decipher this handwriting} 1/2-1/2

[Event "Summer Cup"]
[Site "Wellington Chess Club"]
[Date "2013.04.04"]
[Round "7"]
[White "Ker, Anthony"]
[Black "Van der Hoorn, Mark"]
[Result "0-1"]
[WhiteElo "2452"]
[BlackElo "2165"]

1. e4 c5 2. c3 g6 3. d4 cxd4 4. cxd4 d5 5. Nc3 dxe4 6. Bc4 Nf6 7. Qb3 e6 8. d5
exd5 9. Nxd5 Nxd5 10. Bxd5 Qc7 {Houdini judges a whole bunch of Queen moves to
be about equally best, including both this and ...Qe7. Go figure} 11. Bd2 Bg7
12. Rc1 Nc6 13. Bb4 {Mark is right, the engine only gives white about half a
pawn in comp, but I imagine it was easier to play White!} 13... Qd7 14. Ba3 Nd4
15. Qc4 Qf5 16. Qc7 Bd7 17. Qxb7 Rd8 18. Bxe4 Qe6 19. Qd5 Qa6 20. Qc5 Bf6 21.
Qd6 Qa5+ 22. Bb4 Qg5 {#Diagram Even though White has gone from material
inferiority to superiority, it is only after ...Qg5 that Houdini prefers
White.} 23. f4 {Houdini has this as first choice, the only move to retain a
significant advantage} 23... Qb5 24. a3 {As Mark suspects, the engine thinks
this is the mistake, relinquishing the advantage} 24... Bh4+ 25. g3 Bf5 26.
Bc6+ $2 ( {But now the resourceful engine finds a tricky path to retain the
balance, which Anthony misses} 26. Qxd4 $1 Rxd4 27. Bc6+ Qxc6 28. Rxc6 Rxb4 29.
axb4 Be4 30. Rc4 Bxh1 31. gxh4) 26... Nxc6 27. Qxc6+ Qxc6 28. Rxc6 Be4 29. Rc3
Bxh1 30. gxh4 {And now Black is basically an exchange up and wins fairly
smoothly.} 30... Kd7 31. Nf3 Bxf3 32. Rxf3 Rhe8+ 33. Kf2 Ke6 34. h5 Rd5 35.
hxg6 hxg6 36. Rc3 Rd2+ 37. Kg3 Rxb2 38. Rc7 f5 39. Rxa7 Kd5 40. Ra5+ Ke4 41.
Ra6 Rb3+ 42. Kf2 Kxf4 43. Rxg6 Rb2+ 44. Kf1 Rc8 45. Be1 Rc1 46. h4 Rh2 47. Re6
Kf3 48. Kg1 Re2 0-1

[Event "Summer Cup"]
[Site "Wellington Chess Club"]
[Date "2013.04.04"]
[Round "7"]
[White "Miriyala, Rama Rao"]
[Black "Stracy, Don"]
[Result "1-0"]
[WhiteElo "2028"]
[BlackElo "1763"]

1. e4 c5 2. Nf3 e6 3. c3 Nf6 4. e5 Nd5 5. d4 cxd4 6. cxd4 Nc6 7. Nc3 Nxc3 8.
bxc3 d6 9. Bd3 dxe5 10. dxe5 Qa5 11. O-O Nxe5 12. Nxe5 Qxe5 13. Re1 Qc7 14. Rb1
Bd7 15. Qg4 O-O-O 16. Be3 e5 17. Qg3 Kb8 18. Be4 {#Diagram This is a
treacherous position for black. The open lines and active pieces pointing at
Black's king mandate precise defence.} 18... Bc6 $2 {leads to trouble} 19. Bxc6
Qxc6 20. Qxe5+ Ka8 $2 {leads to double trouble} 21. Qa5 a6 22. Qxd8+ 1-0

[Event "Summer Cup"]
[Site "Wellington Chess Club"]
[Date "2013.04.04"]
[Round "7"]
[White "Nijman, Brian"]
[Black "Forster, Bill"]
[Result "1/2-1/2"]
[WhiteElo "2153"]
[BlackElo "2078"]

1. d4 c5 2. e3 g6 3. dxc5 Bg7 4. a3 Na6 {I thought Qc7 was likely best, making
a3 seem a bit silly, but completely chessed out after Easter, I hoped to
sacrifice and have fun.} 5. Ra2 {#Diagram I couldn't help a smirk here, and
with a straight face Brian replied out loud that his move is the logical follow
up to a3. I suppose it is actually, the two moves together prepare b4. I am not
even going to bother checking the database, I am absolutely confident after 4.5
complete moves we have a position unique in the history of chess.} 5... Nxc5 6.
b4 Ne6 7. c4 Nf6 8. Bb2 {I think it is more logical to play Rd2 first! Brian
almost succeeds in getting a sensible setup, but he neglects a few
opportunities to activate the a2 rook.} 8... O-O 9. Nf3 b6 10. Nbd2 Bb7 11. Be2
Rc8 12. O-O Qc7 13. Nd4 Nxd4 14. Bxd4 e5 15. Ba1 d5 {I combat Brian's fantasy
with a classical approach} 16. Qb1 Qe7 17. Rc1 {Now once white plays Rac2 his
position will make sense. The only trouble is he doesn't get time for that. }
17... Rfd8 18. Nf3 dxc4 19. Nxe5 $2 {overlooking} 19... Be4 $1 {Black is now
winning} 20. Qb2 b5 $2 {something more incisive, like c3 immediately was
better} 21. f3 Bb7 22. Ng4 {#Diagram} 22... Ne8 $2 {I am content to win a pawn but}  (22... c3
$1 {a move I didn't even consider as far as I remember, now wins the house} )
23. Qb1 h5 24. Bxg7 Nxg7 25. Nf2 Qxe3 26. Bf1 Ne6 $2 {Played to block the e
file, but as soon as I released the knight I realised it did no such thing as a
later Rxe6 will likely be good because Qxg6+ will then be a good follow up.}
27. Re1 Qb6 {So I have to use my strongest piece to defend the knight} 28. Kh1
Ng5 ( {Not for the first time, or the last time} 28... c3 {is a logical,
aggressive, sensible winning move that I never considered. Sigh. The point is
not only to generate threats (queening a pawn being one of them) but to get
both rooks really working efficiently} ) 29. f4 Ne6 30. Nh3 Qd4 {Forgetting the
point I made earlier} 31. Rxe6 $1 fxe6 32. Qxg6+ Qg7 33. Qxh5 {It's still not
too late to win the game with c3, but by this time my brain was fibrillating in
time trouble (I know in theory only hearts go into fibrillation, but my brain
is an exception)} 33... Rd5 34. Qe2 e5 35. Ng5 Qf6 36. Qg4 Qg7 37. Qe6+ Kh8 38.
Nf7+ Kh7 39. Ng5+ Kh8 40. Nf7+ Kh7 41. Ng5+ Kh8 1/2-1/2

[Event "Summer Cup"]
[Site "Wellington Chess Club"]
[Date "2013.04.04"]
[Round "7"]
[White "Pandey, Alok"]
[Black "List, Robert"]
[Result "1-0"]
[WhiteElo "1833"]
[BlackElo "1626"]

1. Nf3 Nf6 2. g3 e6 3. Bg2 d5 4. d4 Bd6 5. Nbd2 Nbd7 6. O-O h5 7. Re1 h4 8. e4
Bb4 9. c3 Ba5 10. exd5 hxg3 11. hxg3 Nxd5 12. Nc4 Nxc3 13. Qd3 Nc5 14. Qc2 Nxa2
15. Nxa5 Nxc1 16. dxc5 b6 17. Nc6 Qd7 18. Nfe5 1-0